[Event "Regionalliga NW9798"]
[Site "Bayern"]
[Date "1998.??.??"]
[Round "?"]
[White "Zimlich, Juergen"]
[Black "Stauch, Frank"]
[Result "0-1"]
[WhiteElo "1850"]
[BlackElo "2075"]

1.d4 Nf6 2.c4 e6 3.Nf3 Bb4+ 4.Bd2 Qe7 5.e3 Ne4 6.Bd3 Nxd2 7.Nbxd2 O-O 8.O-O Bxd2
9.Nxd2 d5 10.cxd5 exd5 11.Qh5 f5 12.Nf3 c6 13.Ne5 Rf6 14.f4 Be6 15.Rf3 Nd7
16.Qh4 Re8 17.Kh1 c5 18.Rh3 h6 19.b3 cxd4 20.exd4 Qb4 21.Qf2 Rc8 22.Re1 Nb8
23.Qe3 Nc6 24.Nf3 Bf7 25.Qf2 Re8 26.Rxe8+ Bxe8 27.Rh4 Bf7 28.g4 fxg4 29.Rxg4 Qc3
30.Qc2 Qxc2 31.Bxc2 Bh5 32.Rg3 Rxf4 33.Ne5 Nxd4 34.Bg6 Bxg6 35.Nxg6 Rf1+
36.Kg2 Ra1 37.a4 Ra2+ 38.Kh1 Nc6 39.Nh4 Ra1+ 40.Kg2 Ra2+ 41.Kg1 Nd4 42.Kh1 Rf2
43.Rd3 Nf5 44.Kg1 Rf4 45.Ng2 Rd4 46.Rc3 Rd1+ 47.Kf2 d4 48.Rc7 d3 49.Rxb7 Rd2+
50.Kf3 Rxg2 51.Kxg2 d2  0-1

[Event "Beersheba-St Petersburg"]
[Site "Beersheba"]
[Date "1998.??.??"]
[Round "2"]
[White "Avrukh, Boris"]
[Black "Yemelin, Vasily"]
[Result "0-1"]
[WhiteElo "2525"]
[BlackElo "2485"]

1.d4 Nf6 2.c4 e6 3.Nf3 Bb4+ 4.Bd2 c5 5.Bxb4 cxb4 6.g3 O-O 7.Bg2 a5 8.O-O d6
9.a3 Na6 10.Ne1 e5 11.Nc2 Qb6 12.Nd2 Be6 13.b3 Rfd8 14.e3 bxa3 15.Rxa3 Bf5
16.e4 Bg4 17.Qa1 Nb4 18.Nxb4 Qxb4 19.Nb1 Be2 20.Rc1 Bd3 21.Ra4 Qb6 22.c5 dxc5
23.dxc5 Qxb3 24.Rxa5 Rxa5 25.Qxa5 Rc8 26.Nc3 Qc4 27.Rd1 h5 28.Nd5 Be2 29.Re1 Nxd5
30.exd5 Rxc5 31.Qd8+ Kh7 32.d6 Qb4 33.Rxe2 Rc1+ 34.Bf1 Qb1 35.Rxe5 Rxf1+
36.Kg2 Rg1+ 37.Kh3 Qg6  0-1

[Event "Berliner Sommer 16th"]
[Site "Berlin"]
[Date "1998.??.??"]
[Round "2"]
[White "Kunze, Carlo"]
[Black "Schuetzhold, Frank"]
[Result "1-0"]
[WhiteElo "2355"]
[BlackElo "2155"]

1.d4 Nf6 2.c4 e6 3.Nf3 Bb4+ 4.Bd2 a5 5.e3 b6 6.Nc3 Bb7 7.Rc1 d6 8.Be2 Nbd7
9.O-O O-O 10.a3 Bxc3 11.Bxc3 Ne4 12.Be1 f5 13.Nd2 Nxd2 14.Qxd2 e5 15.f3 exd4
16.exd4 Qf6 17.Bf2 Rad8 18.b4 axb4 19.axb4 c5 20.Rfd1 Qe7 21.Bf1 Rfe8 22.Ra1 Nf8
23.Re1 Qc7 24.Rxe8 Rxe8 25.Qf4 Ne6 26.Qxf5 Nxd4 27.Bxd4 cxd4 28.Qd3 d5 29.Qxd4 dxc4
30.Qxc4+ Qxc4 31.Bxc4+ Kf8 32.Ra7 Re7 33.Bd3  1-0

[Event "Berliner Sommer 16th"]
[Site "Berlin"]
[Date "1998.??.??"]
[Round "3"]
[White "Tsiganova, Monika"]
[Black "Urday, Henry"]
[Result "0-1"]
[WhiteElo "2335"]
[BlackElo "2475"]

1.d4 Nf6 2.c4 e6 3.Nf3 Bb4+ 4.Bd2 a5 5.g3 b6 6.Bg2 Bb7 7.O-O O-O 8.a3 Be7
9.Nc3 Ne4 10.Rc1 f5 11.d5 Bf6 12.e3 Nd6 13.b3 Na6 14.dxe6 dxe6 15.Nd4 Bxg2
16.Kxg2 Nc5 17.Qc2 e5 18.Nde2 Qd7 19.Nd5 a4 20.bxa4 Nxa4 21.Rfd1 Qc6 22.Bb4 Nc5
23.f3 e4 24.f4 Nd3 25.Nd4 Qd7 26.Nb5 c5 27.Nxb6 Qc6 28.Nxa8 cxb4 29.Nac7 bxa3
30.Nxd6 Qxd6 31.Nd5 Bb2 32.Rb1 Rc8 33.Qa4 h6 34.Qb5 Kh8 35.Rd2 a2 36.Rdxb2 Nxb2
37.Ra1 Nxc4 38.Rxa2 Qxd5  0-1

[Event "Biel"]
[Site "Biel"]
[Date "1998.??.??"]
[Round "8"]
[White "Pelletier, Yannick"]
[Black "Landenbergue, Claude"]
[Result "1/2-1/2"]
[WhiteElo "2515"]
[BlackElo "2420"]

1.d4 e6 2.Nf3 Nf6 3.c4 Bb4+ 4.Bd2 Qe7 5.g3 Nc6 6.Bg2 Bxd2+ 7.Nbxd2 d6 8.O-O a5
9.e4 e5 10.d5 Nb8 11.Ne1 O-O 12.Nd3 Na6 13.Qe2 c6 14.f4 exf4 15.Nxf4 Bd7
16.Rae1 Rae8 17.Nb3 Qd8 18.Qf2 a4 19.Nd2 Qa5 20.h3 Qc5 21.Nd3 Qxf2+ 22.Kxf2 cxd5
23.exd5 Bf5 24.Nc1 Nc5 25.Rxe8 Rxe8 26.Re1  1/2-1/2

[Event "NLD-chT f"]
[Site "Breda"]
[Date "1998.??.??"]
[Round "?"]
[White "Van Wely, Loek"]
[Black "Kosashvili, Yona"]
[Result "1-0"]
[WhiteElo "2605"]
[BlackElo "2570"]

1.d4 Nf6 2.c4 e6 3.Nf3 Bb4+ 4.Bd2 c5 5.Bxb4 cxb4 6.g3 O-O 7.Bg2 d6 8.O-O a5
9.a3 Na6 10.Nbd2 Qc7 11.e3 Re8 12.Ng5 h6 13.Nge4 Nh7 14.g4 Bd7 15.Rc1 Bc6
16.Qf3 Qe7 17.Qg3 Rad8 18.f4 d5 19.Nf2 bxa3 20.bxa3 Qxa3 21.g5 h5 22.g6 fxg6
23.Nf3 Nf8 24.Ne5 Qe7 25.Nxg6 Nxg6 26.Qxg6 Qf7 27.Qg3 dxc4 28.Bxc6 bxc6 29.Ne4 Qf5
30.Qg2 c5 31.Ng3 Qd5 32.e4 Qxd4+ 33.Kh1 Qd2 34.Qh3 Qd3 35.Qxh5 Rf8 36.Qg4 Qd7
37.Nh5 e5 38.f5 Nb4 39.Rg1 Rf7 40.Qh4 Nd3 41.Nxg7  1-0

[Event "Anderlecht rap"]
[Site "Brussels "]
[Date "1998.??.??"]
[Round "10"]
[White "Khenkin, Igor"]
[Black "Winants, Luc"]
[Result "1-0"]
[WhiteElo "2600"]
[BlackElo "2480"]

1.d4 Nf6 2.c4 e6 3.Nf3 Bb4+ 4.Bd2 a5 5.Nc3 d6 6.Qc2 Nc6 7.a3 Bxc3 8.Bxc3 d5
9.e3 O-O 10.b3 Bd7 11.Bb2 a4 12.b4 dxc4 13.Bxc4 Na7 14.Ng5 g6 15.h4 Bb5 16.Ba2 Nd5
17.Ne4 Nc6 18.h5 g5 19.Qc5 Bd3 20.Bxd5 exd5 21.Qxd5 Bxe4 22.Qxe4 Re8 23.Qf5 h6
24.d5 Nb8 25.O-O Nd7 26.Rac1 Rc8 27.Rfd1 b5 28.Rc6  1-0

[Event "Magistral Int"]
[Site "Buenos Aires"]
[Date "1998.??.??"]
[Round "?"]
[White "Fiorito, Fabian"]
[Black "Giaccio, Alfredo"]
[Result "1/2-1/2"]
[WhiteElo "2455"]
[BlackElo "2460"]

1.d4 Nf6 2.c4 e6 3.Nf3 Bb4+ 4.Bd2 a5 5.g3 O-O 6.Bg2 d5 7.Qc2 c6 8.O-O b6
9.a3 Be7 10.cxd5 cxd5 11.Bf4 Ba6 12.Rc1 Nbd7 13.Qd1 Ne8 14.Nbd2 Rc8 15.e4 dxe4
16.Nxe4 Nef6 17.Rxc8 Bxc8 18.Nxf6+  1/2-1/2

[Event "Cannes op"]
[Site "Cannes"]
[Date "1998.??.??"]
[Round "6"]
[White "Arkell, Keith C"]
[Black "Shchekachev, Andrei"]
[Result "0-1"]
[WhiteElo "2455"]
[BlackElo "2565"]

1.d4 Nf6 2.Nf3 e6 3.c4 Bb4+ 4.Bd2 a5 5.g3 d6 6.Bg2 Nbd7 7.O-O e5 8.Bg5 exd4
9.Nxd4 O-O 10.a3 Bc5 11.Nc3 h6 12.Be3 Ng4 13.Bc1 a4 14.e3 Nb6 15.Ne4 Ne5
16.b4 axb3 17.Nxb3 Qe7 18.Nbxc5 dxc5 19.f4 Rd8 20.Qh5 Nd3 21.f5 f6 22.Bd2 Nxc4
23.Bc3 Nde5 24.Rf4 Nxe3 25.Re1 Nd5 26.Nxf6+ Nxf6 27.Qh4 Rxa3 28.Bxe5 b5 29.Rfe4 Bxf5
30.Bb2 Bxe4 31.Bxe4 Ra4 32.Bd5+ Rxd5 33.Rxe7 Rxh4  0-1

[Event "Cappelle op"]
[Site "Cappelle la Grande"]
[Date "1998.??.??"]
[Round "1"]
[White "Shipov, Sergei"]
[Black "Khurtsidze, Nino"]
[Result "1-0"]
[WhiteElo "2620"]
[BlackElo "2390"]

1.d4 Nf6 2.c4 e6 3.Nf3 Bb4+ 4.Bd2 Qe7 5.g3 Nc6 6.Nc3 Bxc3 7.Bxc3 Ne4 8.Qc2 Nxc3
9.Qxc3 O-O 10.Bg2 d6 11.d5 Nd8 12.dxe6 Nxe6 13.O-O Bd7 14.Rfe1 Bc6 15.e4 a5
16.b3 Rfe8 17.Re3 Nc5 18.Nd4 Bd7 19.Rae1 Qf6 20.Qd2 g6 21.Ne2 Bc6 22.Nc3 Qg7
23.Qc2 Re7 24.a3 Rae8 25.b4 Ne6 26.b5 Bd7 27.Nd5 b6 28.e5 Nd4 29.Nxe7+ Rxe7
30.Qd2 Nf5 31.exd6 Rxe3 32.fxe3 Nxd6 33.c5 bxc5 34.b6  1-0

[Event "Moravia-chT 9798"]
[Site "CZE"]
[Date "1998.??.??"]
[Round "6.7"]
[White "Kupka, Slavoj"]
[Black "Kana, Pavel"]
[Result "1/2-1/2"]
[WhiteElo "2330"]
[BlackElo "2150"]

1.d4 Nf6 2.Nf3 e6 3.c4 Bb4+ 4.Bd2 c5 5.Bxb4 cxb4 6.g3 b6 7.Bg2 Bb7 8.O-O O-O
9.Nbd2 d6 10.Qb3 a5 11.a3 Na6 12.Rfd1 Qe7 13.Qe3 Ng4 14.Qg5 Qxg5 15.Nxg5 Bxg2
16.Kxg2 Nf6 17.Nge4 Nxe4 18.Nxe4 Rfd8 19.f4 Rac8  1/2-1/2

[Event "Moravia-chT 9798"]
[Site "CZE"]
[Date "1998.??.??"]
[Round "8.2"]
[White "Jaworski, Miroslaw"]
[Black "Saljova, Silvie"]
[Result "1-0"]
[WhiteElo "2395"]
[BlackElo "2220"]

1.d4 Nf6 2.c4 e6 3.Nf3 Bb4+ 4.Bd2 Qe7 5.g3 O-O 6.Bg2 Nc6 7.O-O Bxd2 8.Qxd2 a5
9.Nc3 d6 10.e4 e5 11.d5 Nb8 12.Ne1 Nbd7 13.Nd3 Ne8 14.Rae1 c6 15.f4 Nc7 16.f5 f6
17.h4 Na6 18.Rd1 Nb6 19.b3 Rd8 20.g4 Bd7 21.Qe3 Nc8 22.Rd2 Be8 23.Bf3 Qc7
24.Nf2 b5 25.g5 bxc4 26.gxf6 cxb3 27.fxg7 Qxg7+ 28.Kh1 Qf6 29.Ng4 Qf8 30.Qg5+ Bg6
31.Nh6+ Kh8 32.fxg6 hxg6  1-0

[Event "CZE-chT2 9798"]
[Site "CZE"]
[Date "1998.??.??"]
[Round "8.2"]
[White "Gregor, Jiri"]
[Black "Znamenacek, Kvetoslav"]
[Result "1/2-1/2"]
[WhiteElo "2245"]
[BlackElo "2325"]

1.d4 Nf6 2.c4 e6 3.Nf3 Bb4+ 4.Bd2 Qe7 5.Nc3 b6 6.g3 Bb7 7.Bg2 O-O 8.O-O d6
9.Qc2 c5 10.dxc5 bxc5 11.a3 Bxc3 12.Bxc3 Ne4 13.Rfd1 a5 14.Be1 a4 15.Nd2 Nf6
16.Ne4 Nxe4 17.Bxe4 Bxe4 18.Qxe4 Ra6 19.Bc3 Nc6 20.f4 Nd8 21.Rd2 f6 22.Rad1 Nf7
23.e3 Re8 24.g4 e5 25.f5 Rb6 26.h4 Qb7 27.Rd5 h6 28.R1d2 Rb8 29.Rg2 Kf8 30.Qc2 Rb3
31.Qd3 Rb6 32.e4 Qa6 33.Kh2 Rc6 34.Qe2 Ke7 35.Rd1 Rcb6 36.Qd3 Qb7 37.Rgg1 Rb3
38.Kg3 Qc6 39.Kf3 Rd8 40.Qe3 Rh8 41.Qd3 Qb7 42.Rd2 Rb6 43.Ke2 Ra6 44.Kd1 Rb6
45.Kc1 Rb3 46.Rdd1 Rb6 47.Rg2 Qc6 48.Bd2 Rb3 49.Bc3 Rb6 50.Qe3 Qb7 51.g5 hxg5
52.hxg5 Rh4 53.gxf6+ gxf6 54.Re1 Qa8 55.Rg7 Qh8 56.Qg3 Kf8 57.Rg1 Ng5 58.Ra7 Qh6
59.Kb1 Rh3 60.Qe1 Rb8 61.Bd2 Qh4 62.Qxh4 Rxh4 63.Bxg5 fxg5 64.Rxa4 Rxe4 65.Rh1 Rh4
66.Rxh4 gxh4 67.Ra7 Re8 68.Rh7 e4 69.Rxh4 Kf7 70.Kc2 Kf6 71.Rh6+ Kxf5 72.Rxd6 e3
73.Kd1 Ke4 74.Ke2 Rh8 75.Re6+ Kd4 76.Rd6+ Ke4 77.b4 Rh2+ 78.Ke1  1/2-1/2

[Event "Decin op-A"]
[Site "Decin"]
[Date "1998.??.??"]
[Round "2"]
[White "Neumann, Peter"]
[Black "Kholmov, Ratmir D"]
[Result "1/2-1/2"]
[WhiteElo "2360"]
[BlackElo "2480"]

1.d4 Nf6 2.c4 e6 3.Nf3 Bb4+ 4.Bd2 a5 5.g3 b6 6.Bg2 Bb7 7.O-O Bxd2 8.Nbxd2 d6
9.Ne1 Bxg2 10.Nxg2 c5 11.e3 O-O 12.Nb1 cxd4 13.Qxd4 Nc6 14.Qd2 Qc7 15.Qe2 Rac8
16.Na3 Rfd8 17.Nb5 Qb8 18.Rfd1 Na7 19.Nxa7 Qxa7 20.Nf4 Qa6 21.Rac1 Rc5 22.b3 Kf8
23.e4 b5 24.cxb5 Qxb5 25.Rxc5 Qxc5 26.e5 Ne8 27.exd6 Rxd6 28.Rxd6 Nxd6 29.Nd3 Qd4
30.Ne5 Qd5 31.Qe3 f6 32.Nd7+ Ke7 33.Nc5 e5 34.g4 Qd1+ 35.Kg2 Qxg4+ 36.Kf1 Qd1+
37.Qe1 Qxe1+ 38.Kxe1 g5 39.Ke2 g4 40.Kd3 h5 41.a3 h4 42.b4 axb4 43.axb4 f5
44.Ke2 Nb5 45.Kf1 h3 46.f3 gxf3 47.Kf2 e4 48.Kg3 Nc3 49.Nb3 f4+ 50.Kxf4 Ke6
51.Nd2  1/2-1/2

[Event "Decin op-A"]
[Site "Decin"]
[Date "1998.??.??"]
[Round "4"]
[White "Lymar, Irina"]
[Black "Lechtynsky, Jiri"]
[Result "1/2-1/2"]
[WhiteElo "2225"]
[BlackElo "2370"]

1.d4 Nf6 2.Nf3 e6 3.c4 Bb4+ 4.Bd2 Qe7 5.g3 Nc6 6.Bg2 Bxd2+ 7.Nbxd2 d6 8.O-O O-O
9.e4 e5 10.d5 Nb8 11.Ne1 a5 12.b3 Na6 13.a3 Bd7 14.Nd3 c6 15.Re1 cxd5 16.exd5 Bf5
17.Ne4 Rfc8 18.Rc1 Nxe4 19.Bxe4 Bxe4 20.Rxe4 f5 21.Re2 Qf6 22.f3 b6 23.Kg2 Nc5
24.b4 Nxd3 25.Qxd3 axb4 26.axb4 g6 27.Qc3 Rab8 28.Ra2 Rb7 29.c5 bxc5 30.bxc5 f4
31.Qa3 fxg3 32.hxg3 dxc5 33.Rxc5 Rxc5 34.Qxc5 Rf7 35.Rf2 Rd7 36.Ra2 Rf7 37.Rf2 Rd7
38.Rc2 Kg7 39.Qc6 Qe7 40.Re2 Rc7 41.Qb6 Rd7 42.Qc6  1/2-1/2

[Event "Dieren op"]
[Site "Dieren"]
[Date "1998.??.??"]
[Round "4"]
[White "Sorkin, Igor"]
[Black "Anka, Emil"]
[Result "1/2-1/2"]
[WhiteElo "2290"]
[BlackElo "2420"]

1.d4 Nf6 2.c4 e6 3.Nf3 Bb4+ 4.Bd2 Qe7 5.Nc3 Bxc3 6.Bxc3 Ne4 7.Qc2 Nxc3 8.Qxc3 O-O
9.e4 d6 10.e5 dxe5 11.dxe5 c5 12.Qe3 Rd8 13.Bd3 Nc6 14.O-O-O Bd7 15.h4 Be8
16.Qg5 h6 17.Qxe7 Nxe7 18.Be4 Bc6 19.Bxc6 Nxc6 20.b3 Kf8 21.a3 Ke7 22.Rxd8 Rxd8
23.Rd1 Rg8 24.Kd2 g5 25.hxg5 hxg5 26.g4 Rd8+  1/2-1/2

[Event "Sparkasse op"]
[Site "Dortmund"]
[Date "1998.??.??"]
[Round "?"]
[White "Richter, Michael"]
[Black "Gipslis, Aivars"]
[Result "1/2-1/2"]
[WhiteElo "2360"]
[BlackElo "2450"]

1.d4 Nf6 2.c4 e6 3.Nf3 Bb4+ 4.Bd2 Qe7 5.g3 Nc6 6.Nc3 Bxc3 7.Bxc3 Ne4 8.Rc1 d6
9.Bg2 O-O 10.O-O Nxc3 11.Rxc3 e5 12.dxe5 dxe5 13.Nd2 Rd8 14.Bxc6 bxc6 15.Qc2 Bh3
16.Re1 Rd7 17.Rd3 Rad8 18.Rxd7 Qxd7 19.Nf1 h5 20.Ne3 Qe6 21.Rd1 Rd4 22.b4 f5
23.Rxd4 exd4 24.Ng2 Bxg2 25.Kxg2 c5 26.bxc5 Qc6+ 27.Kh3 Qxc5 28.Qb3 Kh7 29.Qb5 Qxb5
30.cxb5 g5 31.f4 g4+ 32.Kg2 Kg6 33.Kf2 Kf6 34.e3 Ke6 35.exd4 Kd5 36.Ke3 Kc4
37.a4 Kc3 38.d5 Kc4 39.Ke2 Kxd5 40.Kd3 c6 41.bxc6 Kxc6 42.Kd4  1/2-1/2

[Event "Dresden zt"]
[Site "Dresden"]
[Date "1998.??.??"]
[Round "2"]
[White "Cvitan, Ognjen"]
[Black "Wahls, Matthias"]
[Result "1/2-1/2"]
[WhiteElo "2560"]
[BlackElo "2605"]

1.d4 Nf6 2.Nf3 e6 3.c4 Bb4+ 4.Bd2 Qe7 5.g3 Nc6 6.Nc3 Bxc3 7.Bxc3 Ne4 8.Qc2 Nxc3
9.Qxc3 O-O 10.Bg2 d6 11.O-O e5 12.e3 a5 13.Rad1 Bg4 14.h3 Bh5 15.dxe5 dxe5
16.Rd5  1/2-1/2

[Event "Dresden zt"]
[Site "Dresden"]
[Date "1998.??.??"]
[Round "6"]
[White "Soln, Primoz"]
[Black "Wahls, Matthias"]
[Result "0-1"]
[WhiteElo "2350"]
[BlackElo "2605"]

1.d4 Nf6 2.c4 e6 3.Nf3 Bb4+ 4.Bd2 Qe7 5.g3 Nc6 6.Bg2 Bxd2+ 7.Nbxd2 d6 8.O-O a5
9.e4 e5 10.d5 Nb8 11.Ne1 h5 12.h3 h4 13.g4 Nfd7 14.Nd3 Na6 15.b3 Nac5 16.Nb1 Nf8
17.Nxc5 dxc5 18.Nc3 Ng6 19.Re1 Ra6 20.f3 O-O 21.Qd2 Re8 22.a4 Bd7 23.Re3 Qg5
24.Rae1 Rb6 25.Nb1 Rb4 26.Qc3 Nf4 27.Na3 Ra8 28.Nc2 Rb6 29.Bf1 Rg6 30.Qd2 Rd6
31.Qc3 Rda6 32.Na3 Rg6 33.Nb1 Rb6 34.Nd2 Raa6 35.Nb1 Rb4 36.Nd2 Rg6 37.Ra1 Rgb6
38.Ree1 Ra6 39.Qe3 Qe7 40.Qc3 Ra8 41.Re3 Ng6 42.Rc1 Rb6 43.Ra1 Qg5 44.Bg2 Rba6
45.Rae1 Re8 46.R3e2 Raa8 47.Re3 Re7 48.Nb1 b6 49.Qb2 Rae8 50.Nc3 Nf4 51.Nd1 g6
52.Qc3 f5 53.exf5 gxf5 54.Nf2 e4 55.Bf1 Ng6 56.Kh1 Ne5 57.fxe4 fxg4 58.hxg4 Rg7
59.Bh3 Rf8 60.Qb2 Nf3 61.e5 Nxe1 62.Rxe1 Qf4 63.Ne4 Bxg4 64.Bg2 Bf3  0-1

[Event "Centrocoop June op-A"]
[Site "Eforie Nord "]
[Date "1998.??.??"]
[Round "?"]
[White "Moldovan, Zamfir"]
[Black "Kazacov, P."]
[Result "0-1"]
[WhiteElo "2150"]
[BlackElo "2210"]

1.d4 Nf6 2.c4 e6 3.Nf3 Bb4+ 4.Bd2 Qe7 5.e3 Bxd2+ 6.Nbxd2 d6 7.Rc1 Nbd7 8.Bd3 e5
9.Bb1 O-O 10.O-O c5 11.Rc3 a6 12.a4 b5 13.axb5 axb5 14.cxb5 Rb8 15.Rb3 e4
16.Ng5 d5 17.f3 h6 18.Nh3 c4 19.Rc3 exf3 20.Rxf3 Rxb5 21.Qc2 Ba6 22.Ra3 Rfb8
23.Ra2 c3 24.bxc3 Ne4 25.Rxa6 Rb2 26.Nxe4 Rxc2 27.Bxc2 dxe4 28.Rf2 Rc8 29.Nf4 Nf6
30.h3 Rxc3 31.Rxf6 Qxf6 32.Nd5 Qxf2+ 33.Kxf2 Rxc2+ 34.Kg3 Kf8 35.h4 Ke8 36.h5 Re2
37.Kf4 Rxg2 38.Kxe4 Rg5 39.Nf4 Kd7 40.d5 Kd6 41.Kd4 Rf5 42.Ke4 Re5+ 43.Kd4 f5  0-1

[Event "Centrocoop Sept op-A"]
[Site "Eforie Nord"]
[Date "1998.??.??"]
[Round "?"]
[White "Baluta, Constantin"]
[Black "Popescu, T."]
[Result "1-0"]
[WhiteElo "2265"]
[BlackElo "1750"]

1.d4 e6 2.c4 Nf6 3.Nf3 Bb4+ 4.Bd2 Bxd2+ 5.Qxd2 Ne4 6.Qc2 d5 7.e3 c5 8.Bd3 Qa5+
9.Nc3 cxd4 10.exd4 Nxc3 11.bxc3 h6 12.O-O O-O 13.Rfb1 dxc4 14.Bxc4 Qc7 15.Bd3 b6
16.a4 Bb7 17.a5 Nd7 18.Rc1 Rfc8 19.Bh7+ Kh8 20.Be4 Bxe4 21.Qxe4 Nf6 22.Qe5 Qb7
23.c4 Rc6 24.Qb5 a6 25.Qb2 b5 26.Ne5 Rc7 27.c5 Qd5 28.Ra3 Rd8 29.Rd3 Kg8
30.c6 Ne4 31.f3 Nf6 32.Rc5 Qd6 33.Qc1 Nd5 34.Qd2 Rdc8 35.h4 f6 36.Nd7 Rxc6
37.Nb6 Rxc5 38.dxc5 Qxc5+ 39.Qf2 Qxf2+ 40.Kxf2 Rc2+ 41.Kg3 Rc5 42.Nd7 Rc8
43.Nb6 Nxb6 44.axb6 e5 45.Rd7 b4 46.Ra7 b3 47.b7  1-0

[Event "Centrocoop June op-B"]
[Site "Eforie Nord"]
[Date "1998.??.??"]
[Round "?"]
[White "Caravan, Mariana"]
[Black "Harbuz, T."]
[Result "1-0"]
[WhiteElo "2125"]
[BlackElo "1650"]

1.d4 Nf6 2.c4 e6 3.Nf3 Bb4+ 4.Bd2 Qe7 5.Nc3 b6 6.g3 Bb7 7.Bg2 d6 8.O-O Nbd7
9.Nb5 Bxd2 10.Nxc7+ Kd8 11.Nxa8 Bh6 12.Ne1 Nf8 13.a4 Bxg2 14.Nxg2 Qb7 15.a5 b5
16.cxb5 Qxa8 17.b6 a6 18.b4 N8d7 19.Qd3 Ke7 20.b5 Nd5 21.Rfb1 axb5 22.e4 N5f6
23.f3 Rb8 24.Qxb5 Ne8 25.d5 Nc7 26.Qc6 Na6 27.f4 g5 28.e5 dxe5 29.fxe5 Nxe5
30.d6+ Kd8 31.Qc7+ Nxc7 32.bxc7+ Kc8 33.Rxb8+ Qxb8 34.cxb8=Q+ Kxb8 35.Ne3 g4
36.Nc2 Bf8 37.Rd1 Nc4  1-0

[Event "Centrocoop Sept op-A"]
[Site "Eforie Nord"]
[Date "1998.??.??"]
[Round "?"]
[White "Itkis, Boris"]
[Black "Zhidkov, Valery S"]
[Result "1/2-1/2"]
[WhiteElo "2465"]
[BlackElo "2400"]

1.d4 Nf6 2.c4 e6 3.Nf3 Bb4+ 4.Bd2 Qe7 5.g3 Nc6 6.Bg2 Bxd2+ 7.Nbxd2 a5 8.Rc1 d6
9.Nf1 e5 10.Ne3 O-O 11.O-O Re8 12.dxe5 dxe5  1/2-1/2

[Event "FIN-chT9899"]
[Site "FIN"]
[Date "1998.??.??"]
[Round "4"]
[White "Franssila, Tommi"]
[Black "Haapasalo, Jukka Pekka"]
[Result "0-1"]
[WhiteElo "2225"]
[BlackElo "2185"]

1.d4 Nf6 2.c4 e6 3.Nf3 Bb4+ 4.Bd2 Qe7 5.g3 Nc6 6.Bg2 Bxd2+ 7.Qxd2 Ne4 8.Qc2 Qb4+
9.Nc3 Nxc3 10.Qxc3 Qxc3+ 11.bxc3 Rb8 12.Nd2 Na5 13.c5 b6 14.Rb1 Ba6 15.cxb6 cxb6
16.Nb3 Nb7 17.Bxb7 Rxb7 18.Kd2 Ke7 19.Rhc1 Rc8 20.Na1 Rbc7 21.Rb3 Bc4 22.Ra3 a5
23.Nc2 Ra7 24.Ne3 d5 25.Rb1 Rc6 26.Ra4 b5 27.Ra3 Rb6 28.Nxc4 dxc4 29.e4 Kd6
30.Ke3 Kc6 31.Kf4 Rbb7 32.Ke5 Re7 33.Rd1 a4 34.Kf4 e5+ 35.Kf3 Rad7 36.d5+ Kc5
37.Ke3 f5 38.f3 fxe4 39.fxe4 Rf7 40.Rd2 Rf6 41.Rg2 Rdf7 42.Ke2 Rf3 43.Ke1 Re3+
44.Re2 Rff3 45.Kd2 Rxe2+ 46.Kxe2 Rd3 47.Kf2 Rd2+ 48.Kf3 Rxh2 49.Kg4 Rf2 50.Kg5 Kd6
51.g4 Rf4  0-1

[Event "Frome op"]
[Site "Frome"]
[Date "1998.??.??"]
[Round "2"]
[White "Arkell, Keith C"]
[Black "Franklin, Michael J"]
[Result "1-0"]
[WhiteElo "2455"]
[BlackElo "2195"]

1.d4 Nf6 2.Nf3 e6 3.c4 Bb4+ 4.Bd2 Qe7 5.g3 b6 6.Bg2 Bb7 7.O-O Bxd2 8.Qxd2 O-O
9.Nc3 Ne4 10.Qd3 Nxc3 11.Qxc3 d6 12.Rfe1 f5 13.Nh4 Bxg2 14.Nxg2 e5 15.c5 exd4
16.Qxd4 Qe5 17.Qxe5 dxe5 18.e4 f4 19.gxf4 exf4 20.e5 Na6 21.cxb6 cxb6 22.Rad1 Nc5
23.Rd6 Rae8 24.Nh4 Ne6 25.Nf3 Re7 26.Rc1 g5 27.h3 h6 28.Rcc6 Kf7 29.Kf1 Rg8
30.Nd2 Nd8 31.Rc8 Ne6 32.Rcc6 Nd8 33.Rc8 Ne6 34.Rc3 Rg6 35.Rcc6 Nf8 36.Nc4 Rge6
37.a4 Ng6 38.Rxe6 Rxe6 39.Nd6+ Ke7 40.Rc7+ Kd8 41.Rxa7 Nxe5 42.Nf7+ Nxf7
43.Rxf7 Kc8 44.Rh7 Rf6 45.Kg2 f3+ 46.Kg3 Kb8 47.b3 Kc8 48.Re7 Kd8 49.Re3 Rf4
50.Rxf3 Rb4 51.Kg2 Ke7 52.Kf1 Ke6 53.Ke2 h5 54.Kd2 g4 55.hxg4 Rxg4 56.Rf8 h4
57.Kc3 Ke7 58.Rf5 Ke6 59.Rb5 Rg6 60.Rh5 Rg4  1-0

[Event "NRW-Liga I 9899"]
[Site "GER"]
[Date "1998.??.??"]
[Round "4"]
[White "Lobron, Eric"]
[Black "Schoenthier, Frank"]
[Result "1-0"]
[WhiteElo "2540"]
[BlackElo "2370"]

1.Nf3 Nf6 2.c4 e6 3.d4 Bb4+ 4.Bd2 Qe7 5.g3 Nc6 6.Nc3 Bxc3 7.Bxc3 Ne4 8.Rc1 O-O
9.Bg2 d6 10.d5 Nd8 11.O-O e5 12.Nd2 Nxc3 13.Rxc3 f5 14.c5 Nf7 15.cxd6 cxd6
16.Qb3 f4 17.Rfc1 Ng5 18.Rc7 Qf6 19.Ne4 Nxe4 20.Bxe4 h5 21.gxf4 exf4 22.Qc3 Qxc3
23.R1xc3 Bf5 24.Bxf5 Rxf5 25.Rxb7 Rxd5 26.h4 g5 27.Rcc7 gxh4 28.Kh2 Re5 29.Rg7+ Kh8
30.Rgf7 Rxe2 31.Rxf4 Rae8 32.Rff7 a5 33.Kh3 R2e4 34.Rh7+ Kg8 35.Rxh5 Rb4
36.Rxb4 axb4 37.Rxh4 Rb8 38.Rf4 Kg7 39.Kg4 Kg6 40.Kf3 Rb5 41.Ke3 Kg5 42.Rd4 d5
43.Rd2 Kf5 44.Kd4 Ke6 45.b3 Kd6 46.Re2 Ra5 47.f4 Ra8 48.f5 Ra5 49.Re6+ Kd7
50.Rb6 Rxa2 51.Kxd5 Rf2 52.Ke5 Re2+ 53.Kf4 Rf2+ 54.Kg4 Ke7 55.Rxb4 Kf6 56.Rb6+ Kf7
57.b4 Rf1 58.Kg5 Rg1+ 59.Kf4 Rf1+ 60.Ke5 Re1+ 61.Kd5 Rf1 62.f6 Rf5+ 63.Kd4  1-0

[Event "NRW-Liga I 9899"]
[Site "GER"]
[Date "1998.??.??"]
[Round "4"]
[White "Delemarre, Jop"]
[Black "Rechmann, Peter"]
[Result "1/2-1/2"]
[WhiteElo "2435"]
[BlackElo "2355"]

1.d4 Nf6 2.Nf3 e6 3.c4 Bb4+ 4.Bd2 Qe7 5.g3 Nc6 6.Bg2 Bxd2+ 7.Nbxd2 d6 8.e4 e5
9.d5 Nb8 10.O-O O-O 11.Ne1 a5 12.Nd3 Na6 13.Qb3 Nd7 14.Qa3 b6 15.Rae1 Nac5
16.f4 Nxd3 17.Qxd3 Nc5 18.Qc2 f6 19.f5 Bd7 20.Rf3 Rfb8 21.Bf1 g6 22.fxg6 hxg6
23.Nb3 Nxb3 24.Qxb3 Kg7 25.h3 Rh8 26.g4 Raf8 27.Bg2 Rh7 28.Ref1 Kh8 29.Qe3 Kg7
30.b3 Rhh8 31.a3 Rf7 32.Rc1 f5 33.gxf5 gxf5 34.exf5 Rxf5 35.Rcf1 Rxf3 36.Rxf3 Qh4
37.Rg3+ Kf6 38.Rf3+ Ke7 39.b4 axb4 40.axb4 Rg8 41.Kh2 Rf8 42.Rxf8 Kxf8  1/2-1/2

[Event "BL2-W9798"]
[Site "Germany"]
[Date "1998.??.??"]
[Round "?.5"]
[White "Neidhardt, Claus Ulrich"]
[Black "Schiffer, Kai Uwe"]
[Result "1/2-1/2"]
[WhiteElo "2410"]
[BlackElo "2350"]

1.d4 e6 2.Nf3 Nf6 3.c4 Bb4+ 4.Bd2 Qe7 5.g3 Nc6 6.Bg2 Bxd2+ 7.Nbxd2 d6 8.O-O O-O
9.e4 e5 10.d5 Nb8 11.Ne1 a5 12.Nd3 Na6 13.Qc2 Nd7 14.a3 Ndc5 15.Nxc5 Nxc5
16.b4 Na6 17.Qc3 Bd7 18.Rfc1 axb4 19.axb4 c5 20.dxc6 bxc6 21.c5 dxc5 22.bxc5 Nc7
23.Nc4 f6 24.Nd6 g6 25.f4 exf4 26.gxf4 Rxa1 27.Rxa1 Ne6 28.f5 Nf4 29.Qc4+ Kh8
30.Rf1 Nxg2 31.Kxg2 gxf5 32.exf5 Be8 33.Qe6 Qg7+ 34.Kf2 Bf7 35.Nxf7+ Qxf7
36.Qxf7  1/2-1/2

[Event "BL2-W9798"]
[Site "Germany"]
[Date "1998.??.??"]
[Round "?.1"]
[White "Pelletier, Yannick"]
[Black "Christiansen, Larry Mark"]
[Result "0-1"]
[WhiteElo "2465"]
[BlackElo "2550"]

1.d4 Nf6 2.c4 e6 3.Nf3 Bb4+ 4.Bd2 Qe7 5.g3 Nc6 6.Nc3 Bxc3 7.Bxc3 Ne4 8.Rc1 O-O
9.Bg2 d6 10.d5 Nb8 11.dxe6 fxe6 12.O-O Nd7 13.Bb4 a5 14.Ba3 Nec5 15.Ne1 Rb8
16.Nd3 b6 17.Qd2 Bb7 18.Bxb7 Nxb7 19.b3 e5 20.Ne1 Nf6 21.Nc2 Nd8 22.Ne3 Ne6
23.Nd5 Qf7 24.Nxf6+ Qxf6 25.Bb2 Qg6 26.Rcd1 Rf5 27.f3 Rbf8 28.Kh1 Kh8 29.Rg1 Ng5
30.Rg2 h6 31.Qc2 Qe8 32.Rd5 Qf7 33.a3 Nh3 34.Qe4 Qg6 35.Rd1 Ng5 36.Qc2 Qe6
37.Bc1 Nh7 38.Be3 R5f7 39.Bc1 Nf6 40.Qc3 Qe8 41.Bb2 Qc6 42.Rdg1 Kg8 43.Rc1 Re8
44.Rf1 b5 45.Qxa5 bxc4 46.Qc3 Nd5 47.Qxc4 Qxc4 48.bxc4 Ne3 49.Rc1 Rb8 50.Bc3 Nxg2
51.Kxg2 Ra8 52.c5 Rxa3 53.cxd6 cxd6 54.Bb4 Ra2 55.Kf2 d5 56.Rc8+ Kh7 57.Rd8 d4
58.Rd5 e4 59.Rxd4 Rxf3+ 60.Ke1 Re3 61.Bd2 Rb3  0-1

[Event "BL9798 (Women)"]
[Site "Germany"]
[Date "1998.??.??"]
[Round "?.2"]
[White "Litinskaya, Marta I"]
[Black "Lomineishvili, Maia"]
[Result "0-1"]
[WhiteElo "2335"]
[BlackElo "2350"]

1.d4 Nf6 2.c4 e6 3.Nf3 Bb4+ 4.Bd2 Qe7 5.g3 Bxd2+ 6.Nbxd2 d6 7.Bg2 Nc6 8.O-O e5
9.d5 Nb8 10.e4 a5 11.Ne1 O-O 12.Nd3 Na6 13.a3 Bg4 14.f3 Bd7 15.Rf2 c6 16.Nf1 cxd5
17.cxd5 Bb5 18.Ne3 Bxd3 19.Nf5 Qd7 20.Qxd3 Nc5 21.Qe3 Nxd5 22.Qg5 Ne6 23.Qh4 Nf6
24.Rd1 Ra6 25.Rfd2 Ne8 26.Bh3 Kh8 27.f4 f6 28.Qg4 Nc5 29.fxe5 fxe5 30.Nxd6 Qxg4
31.Bxg4 Nxd6 32.Rxd6 Rxd6 33.Rxd6 Nxe4 34.Rb6 Nf2 35.Be6 e4 36.Rxb7 e3 37.Rf7 Re8
38.Rc7 Nd3 39.Kf1 Nxb2 40.Ke2 g6 41.Bb3 Rd8 42.Rc3 Rd2+ 43.Kxe3 Rxh2 44.Kd4 Rd2+
45.Kc5 a4 46.Bc2 Nd1 47.Bxd1 Rxd1 48.g4 Rd8 49.Re3 Kg7 50.Re7+ Kf6 51.Rxh7 Rd3
52.Ra7 Rxa3 53.Ra5 Ra1 54.Kb4 Rg1 55.g5+ Rxg5 56.Ra6+ Kf5 57.Kxa4 Rg1 58.Kb3 Rc1
59.Kb2 Rc5  0-1

[Event "BL2-S9798"]
[Site "Germany"]
[Date "1998.??.??"]
[Round "?.6"]
[White "Staiger, Frank"]
[Black "Schulzke, Erich"]
[Result "1-0"]
[WhiteElo "2325"]
[BlackElo "2265"]

1.d4 Nf6 2.Nf3 e6 3.c4 Bb4+ 4.Bd2 c5 5.Bxb4 cxb4 6.Nbd2 O-O 7.e3 d6 8.Qb3 a5
9.a3 Na6 10.Be2 Re8 11.O-O e5 12.Rfd1 Bd7 13.axb4 Nxb4 14.dxe5 dxe5 15.c5 Qe7
16.Bc4 h6 17.Rac1 Bc6 18.Nh4 Ng4 19.Nf5 Qf6 20.e4 g6 21.Nd6 Qxf2+ 22.Kh1 Ne3
23.Bxf7+ Kg7 24.Rg1 Qxd2 25.Bxe8 Bxe8 26.Qe6 Nd3 27.Rcf1 Nf2+ 28.Rxf2 Qxf2
29.Nxe8+ Kf8 30.Nf6 Qf4 31.Qg8+ Ke7 32.Qxa8 Kxf6 33.Qf8+ Kg5 34.Qxf4+ Kxf4
35.Ra1 Nc4 36.b3 Nd2 37.Rxa5 Nxb3 38.Rb5 Nd4 39.Rxb7 Kxe4 40.Rd7 Kf5 41.Rd6 Ne6
42.c6 e4 43.Kg1  1-0